Greek Gods - Statistics

General Stats
  • This quiz has been taken 116 times
  • The average score is 13 of 15
Answer Stats
God(ess) of... Dad and mom Number God(ess) % Correct
Sky and lightning Kronos and Rhea 1 Zeus
100%
Death and the underworld Kronos and Rhea 4 Hades
97%
Water, seas and the ocean Kronos and Rhea 3 Poseidon
97%
Music, light, the Sun 1 and Leto 12 Apollo
95%
War 1 and 2 5 Ares
94%
Love and beauty None 14 Aphrodite
92%
Marriage Kronos and Rhea 2 Hera
91%
Wisdom, knowledge and craftmanship 1 and Metis 6 Athena
89%
Wine and people that are confused about their gender 1 and Semele 9 Dionysus
86%
The harvest, agriculture and cereal Kronos and Rhea 7 Demeter
85%
Roads, travelers, thieves 1 and Maia 10 Hermes
82%
The moon 1 and Leto 13 Artemis
74%
Dead, grain and spring 1 and 7 15 Persephone
70%
The forges and fire 1 and 2 11 Hephaestus
69%
The hearth and the home Kronos and Rhea 8 Hestia
65%
No matching quizzes found
Score Distribution
Percent of People with Each Score
Percentile by Number Answered
Your Score History
You have not taken this quiz